[Event "John Bishop Minor 2018"]
[Site "Cardiff"]
[Date "2018.03.31"]
[Round "4.3"]
[White "Christmas, Rosie"]
[Black "Jones, Dewi"]
[Result "1-0"]
[WhiteElo "1133"]
[BlackElo "1636"]
[PlyCount "59"]
[EventDate "2018.03.30"]
[EventRounds "7"]
[EventCountry "WLS"]
[SourceDate "2018.04.03"]

1. d4 Nf6 2. Bf4 g6 3. e3 Bg7 4. Nd2 O-O 5. h3 d6 6. Ngf3 Bf5 7. Be2 Be4 8.
Nxe4 Nxe4 9. O-O Nd7 10. Bh2 e5 11. dxe5 dxe5 12. c3 f5 13. Rb1 Kh8 14. Qc2 Qe7
15. Rfd1 Ng5 16. Nxg5 Qxg5 17. Rxd7 f4 18. exf4 exf4 19. Bf3 Rae8 20. Rd5 Qe7
21. Qd2 Bh6 22. Rd7 Qe6 23. Kf1 Qc4+ 24. Be2 Qxa2 25. Qd4+ Re5 26. Qxe5+ Kg8
27. Rbd1 Qxb2 28. Bc4+ Rf7 29. Bxf7+ Kf8 30. Qh8# 1-0

[Event "John Bishop Minor 2018"]
[Site "Cardiff"]
[Date "2018.03.31"]
[Round "4.4"]
[White "Mason, Edward"]
[Black "Wu, Yuxuan"]
[Result "1/2-1/2"]
[WhiteElo "1399"]
[BlackElo "1200"]
[PlyCount "107"]
[EventDate "2018.03.30"]
[EventRounds "7"]
[EventCountry "WLS"]
[SourceDate "2018.04.03"]

1. e4 c5 2. Nf3 Nc6 3. d4 cxd4 4. Nxd4 e5 5. Nf3 Nf6 6. Nc3 Bb4 7. Bg5 h6 8.
Bxf6 Qxf6 9. Be2 O-O 10. O-O d6 11. Nd5 Qd8 12. Nxb4 Nxb4 13. Qd2 Qb6 14. Rfd1
Rd8 15. Nxe5 Be6 16. a3 dxe5 17. Qxb4 Qc7 18. Qc3 Qxc3 19. bxc3 Rac8 20. c4
Bxc4 21. Bd3 Bxd3 22. cxd3 Rb8 23. Rac1 Rbc8 24. Kf1 Rxc1 25. Rxc1 Rxd3 26. Ra1
Rd4 27. f3 Ra4 28. Ke2 b5 29. Kd2 b4 30. Kc2 bxa3 31. Kb3 Ra6 32. Rxa3 Rxa3+
33. Kxa3 Kf8 34. Ka4 Ke7 35. Ka5 Kd6 36. Ka6 g6 37. Kxa7 Kc5 38. g4 Kd4 39. Kb6
Ke3 40. Kc5 Kxf3 41. Kd5 Kf4 42. h4 f5 43. h5 fxe4 44. hxg6 e3 45. g7 e2 46.
g8=Q e1=Q 47. Qf7+ Kxg4 48. Qg6+ Kf3 49. Qh5+ Kg2 50. Qxh6 e4 51. Qg6+ Kf3 52.
Qf5+ Kg3 53. Qxe4 Qxe4+ 54. Kxe4 1/2-1/2

[Event "John Bishop Minor 2018"]
[Site "Cardiff"]
[Date "2018.03.31"]
[Round "4.5"]
[White "Swamy, Anshul"]
[Black "Smith, Chris P"]
[Result "0-1"]
[WhiteElo "950"]
[BlackElo "1446"]
[PlyCount "98"]
[EventDate "2018.03.30"]
[EventRounds "7"]
[EventCountry "WLS"]
[SourceDate "2018.04.03"]

1. e4 d6 2. d4 Nf6 3. Nc3 g6 4. Bf4 Bg7 5. e5 Nfd7 6. Nf3 Nc6 7. exd6 exd6 8.
Qe2+ Qe7 9. Qxe7+ Nxe7 10. Bc4 O-O 11. Nb5 Nf5 12. Nxc7 Rb8 13. O-O Nb6 14. Bd3
Rd8 15. Rfe1 Nxd4 16. Nxd4 Bxd4 17. Bh6 Bd7 18. Nb5 Bxb5 19. Bxb5 Bxb2 20. Rab1
Be5 21. Rb3 Rbc8 22. c4 Nd7 23. Bxd7 Rxd7 24. Rc1 Rdc7 25. Rb4 a6 26. a4 f6 27.
g3 Kf7 28. f4 Bd4+ 29. Kg2 b6 30. Kf3 a5 31. Rb5 Rxc4 32. Rxc4 Rxc4 33. Rd5 Bc5
34. g4 Rxa4 35. g5 f5 36. h4 Rd4 37. Rxd4 Bxd4 38. Ke2 b5 39. Kd3 Bc5 40. Kc2
a4 41. Kb2 b4 42. Ka2 a3 43. Kb1 b3 44. Ka1 a2 45. Kb2 Bd4+ 46. Kxb3 a1=Q 47.
Kc4 Qc3+ 48. Kb5 Qc5+ 49. Ka6 Qb6# 0-1

[Event "John Bishop Minor 2018"]
[Site "Cardiff"]
[Date "2018.03.31"]
[Round "4.6"]
[White "Jones, Jeremy"]
[Black "Jones, Hefin"]
[Result "0-1"]
[WhiteElo "1520"]
[BlackElo "1320"]
[PlyCount "132"]
[EventDate "2018.03.30"]
[EventRounds "7"]
[EventCountry "WLS"]
[SourceDate "2018.04.03"]

1. d4 Nf6 2. c4 c6 3. Nc3 d6 4. e4 Bg4 5. Be2 Qd7 6. f3 Bh5 7. g4 Bg6 8. Be3
Na6 9. g5 Ng8 10. Qd2 e6 11. O-O-O Ne7 12. f4 d5 13. cxd5 exd5 14. f5 Nxf5 15.
exf5 Bxf5 16. Nf3 Bb4 17. Ne5 Qe6 18. Bd3 Be4 19. Rhf1 O-O 20. Qc2 Rac8 21.
Bxe4 dxe4 22. a3 Ba5 23. Qxe4 Bxc3 24. bxc3 Qa2 25. Rf2 Qxa3+ 26. Kd2 Qb2+ 27.
Qc2 Qb5 28. Rdf1 Rc7 29. h4 Qd5 30. g6 Nc5 31. gxh7+ Kh8 32. Ng6+ fxg6 33.
Rxf8+ Kxh7 34. R8f4 Re7 35. Rg1 Qe6 36. Qxg6+ Qxg6 37. Rxg6 Nb3+ 38. Kc2 Kxg6
39. Kxb3 Rxe3 40. Rg4+ Kf6 41. Rf4+ Kg6 42. Rg4+ Kh7 43. Kc4 a5 44. Kb3 b5 45.
Rf4 b4 46. Ka4 bxc3 47. Kxa5 c2 48. Rf1 Rd3 49. Rc1 Rxd4 50. Rxc2 Rxh4 51. Rxc6
g5 52. Rc1 Rf4 53. Kb5 Kh6 54. Kc5 g4 55. Kd5 Kg5 56. Ke5 g3 57. Rc8 Kg4 58.
Rg8+ Kf3 59. Rg7 Rg4 60. Rf7+ Ke3 61. Ra7 g2 62. Ra3+ Kf2 63. Ra2+ Kg3 64. Ra3+
Kh2 65. Ra2 Rc4 66. Kd5 Rc1 0-1

[Event "John Bishop Minor 2018"]
[Site "Cardiff"]
[Date "2018.04.01"]
[Round "5.1"]
[White "Langmaid, Kevin"]
[Black "Fraser, Chris"]
[Result "1/2-1/2"]
[WhiteElo "1518"]
[BlackElo "1622"]
[PlyCount "115"]
[EventDate "2018.03.30"]
[EventRounds "7"]
[EventCountry "WLS"]
[SourceDate "2018.04.03"]

1. e4 c5 2. Nf3 g6 3. d4 cxd4 4. Nxd4 Nc6 5. Be3 Bg7 6. c3 Nf6 7. Nd2 O-O 8.
Be2 d5 9. Nxc6 bxc6 10. exd5 cxd5 11. O-O Bd7 12. Bd4 Qc7 13. Nf3 Bc6 14. Be5
Qb6 15. Nd4 Bd7 16. Rb1 e6 17. h3 Ne4 18. Bxg7 Kxg7 19. Nb3 Bb5 20. Bxb5 Qxb5
21. Qd4+ Kg8 22. Nd2 Nxd2 23. Qxd2 e5 24. Qe3 Rfe8 25. Rfd1 Qa5 26. Ra1 Rad8
27. a4 Qc7 28. b4 d4 29. cxd4 exd4 30. Qd3 Rd7 31. b5 Qa5 32. Qc4 Red8 33. Rd3
Rc7 34. Qa2 Rc3 35. Rad1 Rxd3 36. Rxd3 Qe1+ 37. Kh2 Qe5+ 38. g3 h5 39. Qd2 h4
40. f4 hxg3+ 41. Kxg3 Qe4 42. Qd1 Rd5 43. Qf3 f5 44. h4 Kg7 45. Qd1 Kf6 46. Qb1
Rd6 47. Qd1 Qd5 48. Qf3 Qa2 49. Qd1 Qb2 50. Rb3 Qa2 51. Rd3 Kg7 52. Qf3 Qxa4
53. Qb7+ Kh6 54. Qe7 Qb4 55. Qf8+ Kh7 56. Qe7+ Kg8 57. Qe8+ Kg7 58. Qe7+
1/2-1/2

[Event "John Bishop Minor 2018"]
[Site "Cardiff"]
[Date "2018.04.01"]
[Round "5.2"]
[White "Smith, Callum"]
[Black "Smith, Ellison"]
[Result "0-1"]
[WhiteElo "1316"]
[BlackElo "1379"]
[PlyCount "120"]
[EventDate "2018.03.30"]
[EventRounds "7"]
[EventCountry "WLS"]
[SourceDate "2018.04.03"]

1. e4 e6 2. d4 d5 3. exd5 exd5 4. Nf3 Nf6 5. Be3 Nc6 6. c4 Bg4 7. Nbd2 Bb4 8.
Be2 dxc4 9. Bxc4 Bxd2+ 10. Qxd2 Bxf3 11. gxf3 O-O 12. Rg1 Re8 13. O-O-O Ne7 14.
Bb3 Qd6 15. Rg2 Qc6+ 16. Bc2 Qxf3 17. Rdg1 Ng6 18. Bxg6 fxg6 19. Qc2 Re6 20.
Qb3 Qd5 21. Qxd5 Nxd5 22. Kd2 Rae8 23. Rg3 Ne7 24. Rc1 Nf5 25. Rf3 c6 26. Rc3
Re4 27. Rb3 Nxd4 28. Bxd4 Rxd4+ 29. Kc3 Rd7 30. h3 Rf8 31. Kc4 Rdf7 32. Rxf7
Rxf7 33. f3 Rd7 34. Ra3 b6 35. b4 Kf7 36. Re3 Rd5 37. Re4 Rf5 38. Rd4 b5+ 39.
Kb3 Rxf3+ 40. Kb2 Rxh3 41. Rd7+ Kf6 42. Rxa7 Re3 43. Rc7 Re6 44. Kc3 Rd6 45.
Ra7 h5 46. a4 bxa4 47. Rxa4 Ke6 48. Ra1 Rd5 49. Rf1 h4 50. Kc4 g5 51. Rf3 g4
52. Rf4 Rg5 53. Kd4 h3 54. Rf1 h2 55. Ke4 Re5+ 56. Kd4 g3 57. Rh1 g2 58. Rxh2
g1=Q+ 59. Kc4 Qxh2 60. Kb3 Re4 0-1

[Event "John Bishop Minor 2018"]
[Site "Cardiff"]
[Date "2018.04.01"]
[Round "5.3"]
[White "Smith, Alun"]
[Black "Christmas, Rosie"]
[Result "1-0"]
[WhiteElo "1563"]
[BlackElo "1133"]
[PlyCount "105"]
[EventDate "2018.03.30"]
[EventRounds "7"]
[EventCountry "WLS"]
[SourceDate "2018.04.03"]

1. e4 e6 2. d4 d5 3. e5 Bd7 4. Nf3 c5 5. c3 cxd4 6. cxd4 Nc6 7. Bd3 g6 8. O-O
Bg7 9. b3 Rc8 10. Re1 Nge7 11. Na3 a6 12. Nc2 O-O 13. Bf4 f6 14. exf6 Bxf6 15.
Qd2 Nf5 16. Bxf5 exf5 17. Bh6 Bg7 18. Bxg7 Kxg7 19. Ne3 Be6 20. Nc2 Re8 21. Ng5
Qd7 22. Re3 Bg8 23. Rae1 Rxe3 24. Rxe3 Re8 25. Qe2 Rxe3 26. Qxe3 Qe7 27. Nf3
Qxe3 28. Nxe3 Kf6 29. Kf1 g5 30. h3 h6 31. Ke2 Bh7 32. Nxd5+ Kf7 33. Ne3 f4 34.
Nc4 Ke6 35. Kd2 Ke7 36. Kc3 Ke6 37. Ne1 Ke7 38. a3 Ke6 39. Nd3 Bxd3 40. Kxd3
Kd5 41. Nb6+ Kd6 42. b4 Ne7 43. Ke4 Ke6 44. d5+ Kd6 45. Nc4+ Kd7 46. d6 Nc8 47.
Kd5 Kd8 48. Ne5 Nb6+ 49. Ke6 h5 50. Nf7+ Ke8 51. Nxg5 Kd8 52. Nf7+ Ke8 53. Ne5
1-0

[Event "John Bishop Minor 2018"]
[Site "Cardiff"]
[Date "2018.04.01"]
[Round "5.4"]
[White "Jones, Hefin"]
[Black "Vesz, Marcell"]
[Result "1-0"]
[WhiteElo "1320"]
[BlackElo "1631"]
[PlyCount "71"]
[EventDate "2018.03.30"]
[EventRounds "7"]
[EventCountry "WLS"]
[SourceDate "2018.04.03"]

1. e4 c5 2. Nf3 d6 3. Nc3 Nc6 4. Bc4 Nf6 5. d3 g6 6. Ng5 Ne5 7. Bb3 e6 8. f4
Nc6 9. f5 Nd4 10. fxe6 fxe6 11. Bc4 d5 12. Bb5+ Nxb5 13. Qf3 Nd4 14. Qf2 Bd6
15. exd5 Qe7 16. O-O O-O 17. Qh4 exd5 18. Bf4 Bxf4 19. Rxf4 Qe3+ 20. Kh1 Nf5
21. Rxf5 Bxf5 22. Nxd5 Qxg5 23. Ne7+ Kf7 24. Qxg5 Kxe7 25. Re1+ Kf7 26. Rf1 h5
27. h3 Rae8 28. g4 hxg4 29. hxg4 Rh8+ 30. Kg1 Reg8 31. Qf4 Rh4 32. Qc7+ Kf8 33.
gxf5 gxf5+ 34. Kf2 Ng4+ 35. Ke1 Nh6 36. Qd8+ 1-0

[Event "John Bishop Minor 2018"]
[Site "Cardiff"]
[Date "2018.04.01"]
[Round "5.5"]
[White "Peters, Chris"]
[Black "Wu, Yuxuan"]
[Result "1-0"]
[WhiteElo "1591"]
[BlackElo "1200"]
[PlyCount "93"]
[EventDate "2018.03.30"]
[EventRounds "7"]
[EventCountry "WLS"]
[SourceDate "2018.04.03"]

1. e4 c5 2. Nf3 Nc6 3. c4 d6 4. Nc3 Nf6 5. d3 Bd7 6. Be2 e6 7. O-O Be7 8. Re1
O-O 9. d4 cxd4 10. Nxd4 a6 11. Bf3 Re8 12. Nxc6 Bxc6 13. Bf4 e5 14. Be3 Qd7 15.
Nd5 Bxd5 16. cxd5 h6 17. a4 Rac8 18. Qd3 Bd8 19. b4 b6 20. Qxa6 Bc7 21. Qd3 Ra8
22. Rec1 Rec8 23. Rc6 Bd8 24. b5 Kf8 25. Qa3 Ke7 26. h3 Ra5 27. Rxc8 Qxc8 28.
Bd2 Ra7 29. Rc1 Rc7 30. Rxc7+ Qxc7 31. Qc3 Qa7 32. Qc4 Qa8 33. Bb4 Ne8 34. Kf1
f6 35. Bd1 Qb7 36. Ke2 Bc7 37. Ke3 g6 38. Kf3 g5 39. Qc3 Kf7 40. Kg3 Ke7 41. h4
gxh4+ 42. Kxh4 Ng7 43. Qe3 Bd8 44. Qxh6 Nf5+ 45. exf5 Qxd5 46. Qg7+ Qf7 47.
Bxd6+ 1-0

[Event "John Bishop Minor 2018"]
[Site "Cardiff"]
[Date "2018.04.01"]
[Round "5.6"]
[White "Smith, Chris P"]
[Black "Jones, Dewi"]
[Result "0-1"]
[WhiteElo "1446"]
[BlackElo "1636"]
[PlyCount "76"]
[EventDate "2018.03.30"]
[EventRounds "7"]
[EventCountry "WLS"]
[SourceDate "2018.04.03"]

1. d4 Nf6 2. c4 e5 3. dxe5 Ng4 4. Nf3 Bc5 5. e3 Nc6 6. Be2 O-O 7. O-O Ncxe5 8.
Nxe5 Nxe5 9. Nd2 d6 10. b3 Bf5 11. Bb2 Nd3 12. Bxd3 Bxd3 13. Re1 Bb4 14. Qg4 f6
15. Qd1 Re8 16. a3 Ba5 17. b4 Bb6 18. Rc1 Bg6 19. Nb3 a6 20. c5 dxc5 21. Qxd8
Raxd8 22. Nxc5 Bxc5 23. Rxc5 c6 24. Bd4 Rxd4 25. Rec1 Rd2 26. R5c3 Red8 27. h3
Rd1+ 28. Rxd1 Rxd1+ 29. Kh2 Rd5 30. Rd3 Bxd3 31. Kg3 Kf7 32. h4 b6 33. f3 c5
34. bxc5 bxc5 35. Kf2 c4 36. Ke1 c3 37. Kd1 c2+ 38. Kd2 Ke6 0-1

[Event "John Bishop Minor 2018"]
[Site "Cardiff"]
[Date "2018.04.01"]
[Round "5.7"]
[White "Davies, Gareth"]
[Black "Mason, Edward"]
[Result "1/2-1/2"]
[WhiteElo "1342"]
[BlackElo "1399"]
[PlyCount "85"]
[EventDate "2018.03.30"]
[EventRounds "7"]
[EventCountry "WLS"]
[SourceDate "2018.04.03"]

1. d4 d5 2. Nf3 Nf6 3. c3 c6 4. Bf4 e6 5. Nbd2 Bd6 6. Bg3 Ne4 7. e3 Nxd2 8.
Qxd2 Bc7 9. Bxc7 Qxc7 10. Bd3 Nd7 11. O-O e5 12. dxe5 Nxe5 13. Nxe5 Qxe5 14.
Rfe1 Be6 15. Qc2 h6 16. b4 O-O 17. a3 Rfd8 18. Rac1 Rac8 19. Qe2 Re8 20. c4
dxc4 21. Bxc4 Bxc4 22. Rxc4 Qb5 23. Qc2 Red8 24. h3 Rd5 25. Rc1 Rcd8 26. a4 Qa6
27. Qb3 Rd3 28. b5 Qb6 29. Qb4 Qc7 30. g3 Qd7 31. g4 Rd1+ 32. Rxd1 Qxd1+ 33.
Kg2 Qd5+ 34. Kg3 Rd6 35. bxc6 Rxc6 36. Rf4 Rc7 37. Rd4 Qe5+ 38. Kg2 Qf6 39. Re4
Qc6 40. Kg3 Rc8 41. Rd4 Qh1 42. Qe7 Qg1+ 43. Kf3 1/2-1/2

[Event "John Bishop Minor 2018"]
[Site "Cardiff"]
[Date "2018.04.01"]
[Round "5.8"]
[White "Jones, Jeremy"]
[Black "Swamy, Anshul"]
[Result "1-0"]
[WhiteElo "1520"]
[BlackElo "950"]
[PlyCount "77"]
[EventDate "2018.03.30"]
[EventRounds "7"]
[EventCountry "WLS"]
[SourceDate "2018.04.03"]

1. d4 d5 2. c4 e6 3. Nc3 c5 4. cxd5 exd5 5. Nf3 Nc6 6. e3 Nf6 7. dxc5 Bxc5 8.
Be2 O-O 9. O-O Bf5 10. Nd4 Nxd4 11. exd4 Bd6 12. Bg5 Be7 13. Bd3 Bxd3 14. Qxd3
Ne4 15. Bxe7 Qxe7 16. Nxd5 Qe6 17. Nc7 Qg6 18. Nxa8 Rxa8 19. Rfe1 Re8 20. Rac1
h6 21. Re3 Qf5 22. f3 Qg5 23. fxe4 f5 24. e5 f4 25. Rf3 h5 26. Rcf1 Rf8 27. Qe4
h4 28. Rxf4 Rxf4 29. Qxf4 Qd8 30. Qf7+ Kh8 31. Qf8+ Qxf8 32. Rxf8+ Kh7 33. e6
Kg6 34. e7 Kg5 35. e8=Q b6 36. Qe5+ Kh6 37. Rf7 a5 38. Qxg7+ Kh5 39. Rf5# 1-0

[Event "John Bishop Minor 2018"]
[Site "Cardiff"]
[Date "2018.04.02"]
[Round "6.1"]
[White "Smith, Ellison"]
[Black "Langmaid, Kevin"]
[Result "0-1"]
[WhiteElo "1379"]
[BlackElo "1518"]
[PlyCount "56"]
[EventDate "2018.03.30"]
[EventRounds "7"]
[EventCountry "WLS"]
[SourceDate "2018.04.03"]

1. e4 e5 2. Nf3 Nc6 3. Bc4 Nf6 4. Ng5 Bc5 5. Bxf7+ Ke7 6. d3 h6 7. Bg6 hxg5 8.
Bxg5 d6 9. Nc3 Qf8 10. Nd5+ Kd8 11. c3 Ne7 12. Nxe7 Kxe7 13. d4 Bb6 14. dxe5
dxe5 15. Qd5 Be6 16. Qxe5 Rd8 17. O-O Rd6 18. Rad1 Kd7 19. Bf5 Qf7 20. Qb5+ Kc8
21. Rxd6 cxd6 22. Rd1 Kc7 23. Bf4 Nxe4 24. Bxe4 Qxf4 25. Bf3 Qxh2+ 26. Kf1 Qf4
27. Kg1 Bc4 28. Qb4 Qh2# 0-1

[Event "John Bishop Minor 2018"]
[Site "Cardiff"]
[Date "2018.04.02"]
[Round "6.2"]
[White "Fraser, Chris"]
[Black "Smith, Alun"]
[Result "0-1"]
[WhiteElo "1622"]
[BlackElo "1563"]
[PlyCount "92"]
[EventDate "2018.03.30"]
[EventRounds "7"]
[EventCountry "WLS"]
[SourceDate "2018.04.03"]

1. c4 e6 2. g3 d5 3. Bg2 c6 4. Nf3 Nf6 5. O-O Nbd7 6. d4 dxc4 7. Na3 Bxa3 8.
bxa3 Nb6 9. a4 O-O 10. Qc2 Re8 11. e4 e5 12. dxe5 Ng4 13. Rd1 Qe7 14. a5 Nd7
15. Qxc4 Ngxe5 16. Qc3 Nxf3+ 17. Bxf3 Qe5 18. Bb2 Qxc3 19. Bxc3 Nc5 20. Rd4 Be6
21. Bb4 Na6 22. Bd6 c5 23. Rd3 c4 24. Rc3 Red8 25. e5 f6 26. Bxb7 fxe5 27. Bxe5
Nc5 28. Bxa8 Rxa8 29. Rb1 Nd3 30. Rb8+ Rxb8 31. Bxb8 a6 32. f4 Kf7 33. Kf1 Kf6
34. Ke2 Kf5 35. Ke3 Nb4 36. Kd4 Nc6+ 37. Kc5 Nxb8 38. Kb6 Ke4 39. Kb7 Kd4 40.
Rc1 Nd7 41. Kxa6 c3 42. Kb5 Nc5 43. Kb4 Nd3+ 44. Kb5 Nxc1 45. a6 Bc4+ 46. Ka5
Bxa6 0-1

[Event "John Bishop Minor 2018"]
[Site "Cardiff"]
[Date "2018.04.02"]
[Round "6.3"]
[White "Smith, Callum"]
[Black "Jones, Hefin"]
[Result "1-0"]
[WhiteElo "1316"]
[BlackElo "1320"]
[PlyCount "83"]
[EventDate "2018.03.30"]
[EventRounds "7"]
[EventCountry "WLS"]
[SourceDate "2018.04.03"]

1. e4 e5 2. Nf3 Bc5 3. Bc4 d6 4. c3 Bg4 5. d4 exd4 6. cxd4 Bb6 7. Nc3 Nf6 8.
O-O Nc6 9. Be3 Bxf3 10. gxf3 Ne7 11. Bf4 Nh5 12. Bg3 Ng6 13. Qd2 Qf6 14. Be2 c6
15. Rad1 Ngf4 16. d5 Qg5 17. Kh1 O-O 18. Rg1 Qf6 19. dxc6 Nxg3+ 20. Rxg3 Bxf2
21. Rg4 Ng6 22. Qxd6 Qe5 23. Qxe5 Nxe5 24. Rg2 Bc5 25. Rd5 bxc6 26. Rxc5 f6 27.
Rg1 Rac8 28. Rd1 Rf7 29. Bc4 Nxc4 30. Rxc4 Rb7 31. b4 a6 32. a4 Rcb8 33. Rxc6
Rxb4 34. Rxa6 Rb3 35. Rc6 R8b4 36. Kg2 Kf7 37. Ra1 Rb2+ 38. Kg3 Rc2 39. Rc7+
Kg6 40. Nd5 Rbc4 41. Rxc4 Rxc4 42. a5 1-0

[Event "John Bishop Minor 2018"]
[Site "Cardiff"]
[Date "2018.04.02"]
[Round "6.5"]
[White "Wu, Yuxuan"]
[Black "Christmas, Rosie"]
[Result "1-0"]
[WhiteElo "1200"]
[BlackElo "1133"]
[PlyCount "61"]
[EventDate "2018.03.30"]
[EventRounds "7"]
[EventCountry "WLS"]
[SourceDate "2018.04.03"]

1. e4 e6 2. d4 d5 3. exd5 exd5 4. Nf3 c6 5. c4 Nf6 6. Nc3 Be7 7. Bd3 h6 8. Be3
O-O 9. h3 Nbd7 10. O-O Re8 11. Re1 b6 12. cxd5 Nxd5 13. Nxd5 cxd5 14. Qd2 Bf8
15. Rac1 Bb7 16. a3 Rc8 17. Rc2 Rxc2 18. Bxc2 Nf6 19. Rc1 Ne4 20. Bxe4 dxe4 21.
Ne5 Bc5 22. Nxf7 Kxf7 23. dxc5 Qxd2 24. Bxd2 bxc5 25. Rxc5 Re7 26. Bb4 Kg6 27.
Ra5 Rd7 28. Rxa7 Rd1+ 29. Kh2 Bc8 30. Bc3 Kf5 31. Bxg7 1-0

[Event "John Bishop Minor 2018"]
[Site "Cardiff"]
[Date "2018.04.02"]
[Round "6.6"]
[White "Vesz, Marcell"]
[Black "Davies, Gareth"]
[Result "1-0"]
[WhiteElo "1631"]
[BlackElo "1342"]
[PlyCount "79"]
[EventDate "2018.03.30"]
[EventRounds "7"]
[EventCountry "WLS"]
[SourceDate "2018.04.03"]

1. e4 Nf6 2. e5 Nd5 3. c4 Nb6 4. d4 d6 5. Nf3 Bg4 6. exd6 cxd6 7. h3 Bh5 8. Be2
e6 9. O-O Be7 10. Nc3 O-O 11. b3 Bg6 12. Bf4 N8d7 13. Re1 Nf6 14. Nh4 Ne4 15.
Nxg6 Nxc3 16. Nxe7+ Qxe7 17. Qd3 Nxe2+ 18. Rxe2 Rfe8 19. Rae1 Qd7 20. Qg3 d5
21. Be5 f5 22. c5 Nc8 23. Re3 Qf7 24. Bf4 a5 25. Qf3 Na7 26. Qd1 Nc6 27. Rg3 g6
28. h4 Re7 29. Ree3 Rd7 30. h5 Ne7 31. Qe2 Ra6 32. Bd6 Raxd6 33. cxd6 Rxd6 34.
Rh3 g5 35. Reg3 h6 36. Qe5 f4 37. Rxg5+ hxg5 38. Qxd6 Nf5 39. Qd8+ Kg7 40.
Qxg5+ 1-0

[Event "John Bishop Minor 2018"]
[Site "Cardiff"]
[Date "2018.04.02"]
[Round "6.7"]
[White "Mason, Edward"]
[Black "Smith, Chris P"]
[Result "1-0"]
[WhiteElo "1399"]
[BlackElo "1446"]
[PlyCount "59"]
[EventDate "2018.03.30"]
[EventRounds "7"]
[EventCountry "WLS"]
[SourceDate "2018.04.03"]

1. e4 d6 2. d4 Nf6 3. Nc3 g6 4. Be3 Bg7 5. Bc4 Nxe4 6. Nxe4 d5 7. Bd3 dxe4 8.
Bxe4 c6 9. Ne2 Nd7 10. c3 Nf6 11. Bf3 Bg4 12. Bxg4 Nxg4 13. Bd2 e6 14. h4 Nf6
15. Qb3 b6 16. Qa3 Ne4 17. Bf4 Qd5 18. Rd1 c5 19. Qa4+ Kf8 20. O-O Bf6 21. dxc5
Qxc5 22. Qxe4 Kg7 23. Rd7 Rad8 24. Rfd1 Rxd7 25. Rxd7 Qb5 26. Qb7 Qxe2 27.
Rxf7+ Kg8 28. Rxf6 Qe1+ 29. Kh2 e5 30. Qf7# 1-0

[Event "John Bishop Minor 2018"]
[Site "Cardiff"]
[Date "2018.04.02"]
[Round "7.1"]
[White "Langmaid, Kevin"]
[Black "Smith, Alun"]
[Result "0-1"]
[WhiteElo "1518"]
[BlackElo "1563"]
[PlyCount "82"]
[EventDate "2018.03.30"]
[EventRounds "7"]
[EventCountry "WLS"]
[SourceDate "2018.04.03"]

1. e4 e6 2. d4 d5 3. Nd2 c5 4. Ngf3 Nc6 5. exd5 exd5 6. dxc5 Bxc5 7. Nb3 Bb6 8.
Be2 Nge7 9. O-O O-O 10. c3 Bg4 11. Nfd4 Bxe2 12. Nxe2 Re8 13. Bg5 Qd6 14. Bf4
Qf6 15. Bg3 Ng6 16. Ned4 a6 17. Qd2 h5 18. h3 h4 19. Bh2 Re4 20. Nxc6 bxc6 21.
Nd4 Bxd4 22. cxd4 Qxd4 23. Qxd4 Rxd4 24. Rfd1 Rxd1+ 25. Rxd1 f6 26. Kf1 Ne5 27.
f4 Nc4 28. Rc1 Rc8 29. b3 Nd2+ 30. Ke2 Ne4 31. b4 c5 32. bxc5 Rxc5 33. Rxc5
Nxc5 34. Bg1 Ne4 35. Kd3 Kf7 36. f5 Ke7 37. Kd4 Kd6 38. Be3 Kc6 39. a3 Ng3 40.
Bd2 Nxf5+ 41. Kd3 Kb5 0-1

[Event "John Bishop Minor 2018"]
[Site "Cardiff"]
[Date "2018.04.02"]
[Round "7.2"]
[White "Fraser, Chris"]
[Black "Smith, Callum"]
[Result "1-0"]
[WhiteElo "1622"]
[BlackElo "1316"]
[PlyCount "57"]
[EventDate "2018.03.30"]
[EventRounds "7"]
[EventCountry "WLS"]
[SourceDate "2018.04.03"]

1. c4 e5 2. g3 Nc6 3. Bg2 Nf6 4. Nc3 Bb4 5. Nd5 Nxd5 6. cxd5 Ne7 7. Nf3 Ng6 8.
O-O O-O 9. e4 d6 10. d4 exd4 11. Nxd4 Bc5 12. Be3 a6 13. Qd2 Qf6 14. f4 Ba7 15.
Rac1 Qe7 16. Rc2 Re8 17. Rfc1 Bb8 18. Bf2 Nf8 19. Re1 Qd8 20. Qc3 Nd7 21. Rce2
Qf6 22. Qd2 g6 23. Nf3 Nb6 24. Bd4 Qd8 25. b3 Bg4 26. Bb2 Bxf3 27. Bxf3 Qe7 28.
Qc3 Qf8 29. Qh8# 1-0

[Event "John Bishop Minor 2018"]
[Site "Cardiff"]
[Date "2018.04.02"]
[Round "7.3"]
[White "Jones, Dewi"]
[Black "Smith, Ellison"]
[Result "1/2-1/2"]
[WhiteElo "1636"]
[BlackElo "1379"]
[PlyCount "83"]
[EventDate "2018.03.30"]
[EventRounds "7"]
[EventCountry "WLS"]
[SourceDate "2018.04.03"]

1. e4 e6 2. d3 d5 3. Nd2 Nf6 4. e5 Nfd7 5. d4 c5 6. c3 Nc6 7. Ngf3 Qb6 8. Qb3
cxd4 9. Qxb6 Nxb6 10. cxd4 Be7 11. a3 O-O 12. Nb3 Bd7 13. Bd3 Rac8 14. Be3 a6
15. Rc1 Na7 16. Nc5 Bc6 17. O-O Bxc5 18. dxc5 Nd7 19. b4 Bb5 20. Bxb5 Nxb5 21.
a4 Na7 22. Rc2 Nc6 23. Rb2 Ncxe5 24. Nxe5 Nxe5 25. Rc2 Nc4 26. Rxc4 dxc4 27. b5
axb5 28. axb5 Rc7 29. Rc1 Rd8 30. h3 Rd5 31. Rxc4 h6 32. Rc1 b6 33. cxb6 Rxc1+
34. Bxc1 Rxb5 35. Be3 Kf8 36. Kf1 Ke7 37. Ke2 Rd5 38. Kf3 f5 39. g3 g5 40. h4
g4+ 41. Ke2 h5 42. Ke1 1/2-1/2

[Event "John Bishop Minor 2018"]
[Site "Cardiff"]
[Date "2018.04.02"]
[Round "7.4"]
[White "Peters, Chris"]
[Black "Vesz, Marcell"]
[Result "1-0"]
[WhiteElo "1591"]
[BlackElo "1631"]
[PlyCount "75"]
[EventDate "2018.03.30"]
[EventRounds "7"]
[EventCountry "WLS"]
[SourceDate "2018.04.03"]

1. e4 c5 2. c4 Nc6 3. Nf3 e5 4. Nc3 Nf6 5. d3 h6 6. g3 d6 7. Bg2 Bg4 8. h3 Bh5
9. g4 Bg6 10. Be3 Be7 11. Qd2 Qd7 12. Nh4 Nxe4 13. Bxe4 Bxe4 14. dxe4 Bxh4 15.
O-O-O Nd4 16. f4 f6 17. Rhf1 O-O-O 18. f5 Kb8 19. Kb1 Bg5 20. Nd5 Rc8 21. Qc3
Ne2 22. Qd3 Bxe3 23. Qxe2 Bd4 24. Rf3 Rhe8 25. Ra3 Rc6 26. Rdd3 Qf7 27. Ra4 h5
28. Rda3 hxg4 29. Rxa7 Kc8 30. Qxg4 Qf8 31. Qg6 Ra6 32. R3xa6 bxa6 33. Nb6+ Kb8
34. Nd7+ Kxa7 35. Nxf8 Re7 36. Ne6 Be3 37. Nxg7 Bg5 38. Nh5 1-0

[Event "John Bishop Minor 2018"]
[Site "Cardiff"]
[Date "2018.04.02"]
[Round "7.5"]
[White "Jones, Hefin"]
[Black "Wu, Yuxuan"]
[Result "0-1"]
[WhiteElo "1320"]
[BlackElo "1200"]
[PlyCount "116"]
[EventDate "2018.03.30"]
[EventRounds "7"]
[EventCountry "WLS"]
[SourceDate "2018.04.03"]

1. e4 c5 2. Nc3 Nc6 3. Bc4 d6 4. Nf3 Nf6 5. d3 e6 6. Bg5 Be7 7. Qd2 Bd7 8. Bh4
a6 9. a3 Qb6 10. Na4 Qc7 11. Bb3 O-O 12. Qf4 e5 13. Qd2 Nd4 14. Nxd4 cxd4 15.
Bxf6 Bxf6 16. Bd5 Bxa4 17. Qb4 Bc6 18. Bb3 Bg5 19. a4 Rac8 20. h4 Bf6 21. Qd2
Qd7 22. O-O-O Bxa4 23. Bc4 Bb5 24. Bd5 Rfd8 25. Rh3 Bc6 26. Bb3 Qe7 27. Rdh1
Bd7 28. Rf3 Be6 29. Bxe6 Qxe6 30. Kb1 Rc6 31. Rhh3 Rdc8 32. g4 Qxg4 33. Rhg3
Qe6 34. Qh6 Kf8 35. Qd2 Bxh4 36. Rh3 Bf6 37. Rxh7 Ke7 38. Rfh3 Qg4 39. Rh1 Qf4
40. Qb4 Qxf2 41. Rh8 Qxc2+ 42. Ka2 Rxh8 43. Rxh8 Rc7 44. Qa5 Qc5 45. Qa4 Rc6
46. Rb8 b6 47. Qxa6 Qa5+ 48. Qxa5 bxa5 49. Ra8 Rc5 50. Ra7+ Ke6 51. Ka3 g5 52.
Ra8 Rc1 53. Kb3 g4 54. Rg8 Rg1 55. Re8+ Kd7 56. Ra8 g3 57. Ka4 g2 58. Rg8 Ra1+
0-1

[Event "John Bishop Minor 2018"]
[Site "Cardiff"]
[Date "2018.04.02"]
[Round "7.6"]
[White "Mason, Edward"]
[Black "Jones, Jeremy"]
[Result "1/2-1/2"]
[WhiteElo "1399"]
[BlackElo "1520"]
[PlyCount "56"]
[EventDate "2018.03.30"]
[EventRounds "7"]
[EventCountry "WLS"]
[SourceDate "2018.04.03"]

1. e4 e5 2. Nf3 Nc6 3. Bc4 Bc5 4. O-O Nf6 5. d3 O-O 6. Bg5 Be7 7. Qd2 d6 8. h3
Be6 9. Bb3 d5 10. Bxf6 Bxf6 11. Nc3 d4 12. Nd5 Bxd5 13. Bxd5 Qd6 14. a3 Ne7 15.
Bb3 b6 16. Rfc1 c5 17. c4 Nc6 18. Ne1 h6 19. Qd1 Bg5 20. Rcb1 f5 21. Qf3 fxe4
22. Qxe4 Rae8 23. Nf3 Bf6 24. Ba4 Rc8 25. Bxc6 Qxc6 26. Qxc6 Rxc6 27. Re1 Re8
28. Re4 Rce6 1/2-1/2